| 000 | 01087cam a2200301 a 4500 | ||
|---|---|---|---|
| 001 | 3053412 | ||
| 003 | OSt | ||
| 005 | 20230929154759.0 | ||
| 008 | 960711s1997 njua 001 0 eng | ||
| 010 | _a 96031777 | ||
| 020 | _a9789332571617 | ||
| 020 | _a0135080118 | ||
| 040 |
_aDLC _cDLC _dDLC |
||
| 050 | 0 | 0 |
_aQA371 _b.R29 1997 |
| 082 | 0 | 0 |
_a515.35 _bRAI/E |
| 100 | 1 |
_aRainville, Earl D. _q(Earl David), _d1907-1966 _99640 |
|
| 245 | 1 | 0 |
_aElementary differential equations / _cEarl D. Rainville, Phillip E. Bedient, Richard E. Bedient. |
| 250 | _a8th ed. | ||
| 260 |
_aUpper Saddle River, NJ : _bPrentice Hall, _cc1997. |
||
| 300 |
_axiii, 530 p. : _bcol. ill. ; _c24 cm. |
||
| 500 | _aIncludes index. | ||
| 650 | 0 | _aDifferential equations. | |
| 700 | 1 |
_aBedient, Phillip Edward, _d1922- |
|
| 700 | 1 | _aBedient, Richard E. | |
| 906 |
_a7 _bcbc _corignew _d1 _eocip _f19 _gy-gencatlg |
||
| 942 |
_2ddc _cBK _h515.35 _iRAI/E _k515.35 _mRAI/E |
||
| 999 |
_c42366 _d42366 |
||